| 000 | 00907cam a22002895a 4500 | ||
|---|---|---|---|
| 001 | 17945225 | ||
| 005 | 20150812115835.0 | ||
| 008 | 131118r20131911enka frb 000 0 eng d | ||
| 020 | _a1137374152 | ||
| 020 | _a9781137374141 | ||
| 040 |
_aDLC _beng _cDLC _dEG-ScBUE |
||
| 082 | 0 | 4 |
_a330.1 _bJEV _222 |
| 100 | 1 |
_aJevons, William Stanley, _d1835-1882. _938304 |
|
| 245 | 1 | 4 |
_aThe theory of political economy / _cWilliam Stanley Jevons. |
| 250 | _a4th ed., Reprint. | ||
| 260 |
_aHampshire : _bPalgrave Macmillan, _c2013. |
||
| 300 |
_aIxxx, 339 p. : _bill. ; _c24 cm. |
||
| 490 | 0 | _aPalgrave Classics in Economics | |
| 500 | _aReprint of the 1911 ed. | ||
| 504 | _aBibliography : p. 322-339. | ||
| 650 | 0 |
_aEconomics. _2BUEsh |
|
| 650 | 0 |
_aEconomics, Mathematical. _2BUEsh |
|
| 651 | _2BUEsh | ||
| 653 |
_bBUSECO _cJune2015 _cAugust2015 |
||
| 655 |
_vreading book _934232 |
||
| 942 |
_2ddc _k330.1 JEV |
||
| 999 |
_c19689 _d19661 |
||